najmniejsze miasta powiatowe w Polsce - Statystyki

Ogólne statystyki
  • Ten quiz został rozwiązany 75 razy
  • Średni wynik to 9 z 20
Statystyki odpowiedzi
Hint Odpowiedź % Poprawnych
5,872 Sejny
87%
5,700 Lesko
66%
5,696 Kazimierza Wielka
58%
5,723 Lipsko
55%
8,048 Zwoleń
55%
7,836 Brzozów
50%
6,731 Pajęczno
50%
6,146 Proszowice
50%
7,207 Łosice
48%
6,188 Przysucha
48%
8,692 Wieruszów
47%
7,840 Poddębice
45%
6,799 Opatów
44%
8,739 Strzyżów
44%
7,328 Białobrzegi
42%
8,780 Opole Lubelskie
42%
5,759 Radziejów
39%
8,912 Środa Śląska
23%
7,096 Sędziszów Małopolski
16%
8,237 Ożarów Mazowiecki
3%
Nie znaleziono quizów pasujących do podanych kryteriów
Rozkład punktacji
Procent ludzi z każdym wynikiem
Percentyl według liczby udzielonych odpowiedzi
Twoja historia wyników
Nie rozwiązałeś tego quizu